000 00868cab a2200265 4500
001 ABS58823
008 090401t1998 xxu||||| |||| 00| 0 eng d
035 _a(Sirsi) u87257
041 _aeng
100 _aCooper, B.
245 4 _aThe alternative way - sound insulation for walls
260 _c1998
350 _a0
490 _aBuilding Control
_v(94) July 1998, 9-11(3)
520 _aExamines the provisions of Requirement E1 of the Building Regulations, BS 2750 Part 4 and, BS 5821 Part 1 which are concerned with sound insulation for walls.
650 _aAIRBORNE SOUND
650 _aBS 2750-4
650 _aBS 5821-1
650 _aBUILDING REGULATIONS PART E
650 _aNOISE INSULATION
650 _aBUILT ENVIRONMENT-BUILDING ELEMENTS-COMPLETE BUILDING ELEMENTS-WALLS
690 _aBUILT ENVIRONMENT
942 _n0
948 _c07/07/1998
999 _c55027
_d55027